[Event "OPEN D'AUBAGNE"]
[Site "SALLE LAKANAL AUBAGNE"]
[Date "2019.09.02"]
[Round "1.1"]
[White "Jamme, Jean-Pierre"]
[Black "Periale, Albert"]
[Result "1-0"]
[WhiteElo "1946"]
[BlackElo "1266"]
[PlyCount "57"]
[EventDate "2019.??.??"]
[WhiteTeam "Cercle d'Echecs Aubagnais"]
[BlackTeam "Cercle d'Echecs Aubagnais"]

1. d4 Nf6 2. c4 d5 3. cxd5 Nxd5 4. e4 Nf6 5. Nc3 e6 6. Bg5 Be7 7. Nf3 h6 8. Bh4
a6 9. Qc2 Nc6 10. Rd1 Nd7 11. Bg3 b5 12. Nxb5 axb5 13. Qxc6 Bb4+ 14. Nd2 Ra6
15. Qxb5 Rb6 16. Qc4 c6 17. Qc2 Nf6 18. Be5 O-O 19. Be2 Qe7 20. O-O Rd8 21. Nc4
Rb7 22. a3 Bd6 23. Nxd6 Rxd6 24. Bxd6 Qxd6 25. e5 Qe7 26. exf6 Qxf6 27. Qxc6
Qd8 28. d5 Rb6 29. Qc5 1-0

[Event "OPEN D'AUBAGNE"]
[Site "SALLE LAKANAL AUBAGNE"]
[Date "2019.09.02"]
[Round "1.2"]
[White "Madi, Chahinez"]
[Black "Laurent, Yohan"]
[Result "1/2-1/2"]
[WhiteElo "1264"]
[BlackElo "1800"]
[PlyCount "77"]
[EventDate "2019.??.??"]
[WhiteTeam "Cercle d'Echecs Aubagnais"]
[BlackTeam "Cercle d'Echecs Aubagnais"]

1. d4 d5 2. Bf4 Nf6 3. f3 Bf5 4. Nd2 Nbd7 5. e3 e6 6. Ne2 c5 7. c3 Rc8 8. Rc1
Qb6 9. b3 Bd6 10. Bxd6 Qxd6 11. Ng3 Bg6 12. e4 Qe7 13. Bd3 a6 14. O-O Nb6 15.
Re1 Nh5 16. Nxh5 Bxh5 17. exd5 Nxd5 18. Ne4 cxd4 19. Bc4 Nxc3 20. Qxd4 Nxe4 21.
Qxe4 O-O 22. f4 Bg6 23. f5 Qc5+ 24. Kh1 Bxf5 25. Qxb7 a5 26. Qf3 Qb4 27. Bd3
Bxd3 28. Qxd3 Rxc1 29. Rxc1 a4 30. h3 axb3 31. axb3 h6 32. Rc4 Qa3 33. Qg3 Rd8
34. Qf3 Rb8 35. Qd3 Qa5 36. Qc2 Rd8 37. Qe4 Qd5 38. Qxd5 Rxd5 39. b4 1/2-1/2

[Event "OPEN D'AUBAGNE"]
[Site "SALLE LAKANAL AUBAGNE"]
[Date "2019.09.02"]
[Round "1.4"]
[White "Pietrac, Christian"]
[Black "Cescon, Moreno"]
[Result "0-1"]
[WhiteElo "1253"]
[BlackElo "1692"]
[PlyCount "54"]
[EventDate "2019.??.??"]
[WhiteTeam "Club d'Echecs de Miramas"]
[BlackTeam "Cercle d'Echecs Aubagnais"]

1. Nf3 d6 2. g3 e5 3. d3 Nf6 4. Bg2 Be7 5. Nbd2 O-O 6. O-O Nc6 7. b3 Bd7 8. Bb2
Qc8 9. Ng5 h6 10. Nge4 Bh3 11. Nxf6+ Bxf6 12. f4 Bxg2 13. Kxg2 Qe6 14. e4 exf4
15. Bxf6 Qxf6 16. Rxf4 Qc3 17. Rc1 Rae8 18. Nb1 Qa5 19. a3 d5 20. b4 Qb6 21.
Qf3 dxe4 22. Rxe4 Ne5 23. Qe3 Qc6 24. Kf1 Ng4 25. Qg1 Rxe4 26. dxe4 Qxe4 27.
Re1 Qf3+ 0-1

[Event "OPEN D'AUBAGNE"]
[Site "SALLE LAKANAL AUBAGNE"]
[Date "2019.09.02"]
[Round "1.5"]
[White "Daumas, Alain"]
[Black "Normand, Christophe"]
[Result "1-0"]
[WhiteElo "1608"]
[BlackElo "1250"]
[PlyCount "63"]
[EventDate "2019.??.??"]
[WhiteTeam "Club d'Echecs Pennois (CEP)"]
[BlackTeam "Cercle d'Echecs Aubagnais"]

1. e4 e5 2. Nf3 d6 3. Bc4 Be7 4. O-O Nf6 5. d3 O-O 6. h3 Nc6 7. Be3 Na5 8. Bb3
Nxb3 9. axb3 a6 10. c4 c6 11. Nc3 b5 12. cxb5 cxb5 13. Nxb5 Bd7 14. Nc3 Qb8 15.
Nd2 Be6 16. Qc2 Rc8 17. Nc4 Bxc4 18. bxc4 Rc7 19. Bg5 h6 20. Bxf6 Bxf6 21. Nd5
Rb7 22. Nxf6+ gxf6 23. Rfb1 a5 24. Ra3 Qc7 25. b4 Qb8 26. b5 Qa7 27. Rba1 Qb6
28. Qd2 Qd4 29. Qxh6 Qb2 30. d4 Qxa1+ 31. Rxa1 exd4 32. Ra3 1-0

[Event "OPEN D'AUBAGNE"]
[Site "SALLE LAKANAL AUBAGNE"]
[Date "2019.09.02"]
[Round "1.6"]
[White "Biglia, Michel"]
[Black "Gomez, Guy"]
[Result "0-1"]
[WhiteElo "1214"]
[BlackElo "1565"]
[PlyCount "46"]
[EventDate "2019.??.??"]
[WhiteTeam "Cercle d'Echecs Aubagnais"]
[BlackTeam "Cercle d'Echecs Aubagnais"]

1. f4 d5 2. Nf3 Nf6 3. e3 Nc6 4. b3 a6 5. Bb2 e6 6. Bd3 Bc5 7. c4 d4 8. exd4
Nxd4 9. Bxd4 Bxd4 10. Nc3 Qd6 11. g3 Bd7 12. Qe2 Bc6 13. Rf1 O-O-O 14. Ng5 Bxc3
15. dxc3 Qxd3 16. Qxd3 Rxd3 17. Rd1 Rhd8 18. Rxd3 Rxd3 19. Nxf7 Rxc3 20. Rf2
Ne4 21. Rb2 b5 22. cxb5 Bxb5 23. Ng5 Rc1# 0-1

[Event "OPEN D'AUBAGNE"]
[Site "SALLE LAKANAL AUBAGNE"]
[Date "2019.09.02"]
[Round "1.7"]
[White "Ganier, Philippe"]
[Black "Ananyan, Daniel"]
[Result "1-0"]
[WhiteElo "1563"]
[BlackElo "1199"]
[PlyCount "106"]
[EventDate "2019.??.??"]
[WhiteTeam "La Ciotat Echecs (LCE)"]
[BlackTeam "Cercle d'Echecs Aubagnais"]

1. d4 d5 2. Bf4 c6 3. Nf3 Nd7 4. e3 f6 5. c4 e5 6. dxe5 fxe5 7. Nxe5 Qf6 8. Nf3
Qxb2 9. Nbd2 Nb6 10. Be5 Qb4 11. Qc2 Be6 12. a3 Qa4 13. Qxa4 Nxa4 14. cxd5 Bxd5
15. Bd3 Nb6 16. O-O Nf6 17. Nh4 Rc8 18. Bf5 Nfd7 19. Bb2 Nc4 20. Nxc4 Bxc4 21.
Rfd1 Rd8 22. Rd4 Ne5 23. Rxd8+ Kxd8 24. Bxe5 Be7 25. Nf3 Rf8 26. Be4 Bf6 27.
Rd1+ Ke8 28. Bxh7 Be2 29. Bg6+ Ke7 30. Bd6+ Ke6 31. Bxf8 Bxd1 32. Bc5 b6 33.
Bb4 c5 34. Bd2 a5 35. Bd3 Bd8 36. Bc4+ Kd6 37. Kf1 Ba4 38. Ke2 b5 39. Ba2 b4
40. axb4 axb4 41. Bc4 b3 42. Bc3 Bf6 43. Bxf6 gxf6 44. Nd2 b2 45. Kd3 Ke5 46.
Kc3 b1=Q 47. Nxb1 f5 48. g3 Ke4 49. Nd2+ Ke5 50. Bd3 Kf6 51. Kc4 Bd1 52. Kxc5
Kg5 53. h3 Kh5 1-0

[Event "OPEN D'AUBAGNE"]
[Site "SALLE LAKANAL AUBAGNE"]
[Date "2019.09.02"]
[Round "1.8"]
[White "Belaid, Myriam"]
[Black "Pouyet, Alain"]
[Result "0-1"]
[WhiteElo "1199"]
[BlackElo "1557"]
[PlyCount "48"]
[EventDate "2019.??.??"]
[WhiteTeam "Club Provence Echecs"]
[BlackTeam "Club Provence Echecs"]

1. d4 d5 2. Bf4 Nf6 3. Nf3 Nc6 4. Nbd2 Bf5 5. e3 Nb4 6. Be2 Nxc2+ 7. Kf1 Nxa1
8. Qxa1 c6 9. Nh4 Bd7 10. h3 h6 11. Bd3 g5 12. Nf5 gxf4 13. exf4 Qc8 14. g4 e6
15. Qe1 Qc7 16. Kg2 Qxf4 17. Nb3 O-O-O 18. Ng3 Bd6 19. Kf1 Rde8 20. Ne2 Qf3 21.
Nd2 Qxh1+ 22. Ng1 e5 23. Qc1 e4 24. Be2 Bh2 0-1

[Event "OPEN D'AUBAGNE"]
[Site "SALLE LAKANAL AUBAGNE"]
[Date "2019.09.02"]
[Round "1.9"]
[White "Ghazarian, David"]
[Black "Lopez, Marcel"]
[Result "1-0"]
[WhiteElo "1550"]
[BlackElo "1199"]
[PlyCount "63"]
[EventDate "2019.??.??"]
[WhiteTeam "Cercle d'Echecs Aubagnais"]
[BlackTeam "Cassis Echecs"]

1. e4 e5 2. Nf3 Nc6 3. Bb5 Bc5 4. d4 Bd6 5. Bxc6 bxc6 6. dxe5 Bc5 7. O-O Ba6 8.
Re1 Ne7 9. Nc3 h6 10. Be3 Bxe3 11. Rxe3 Bc4 12. Nd4 O-O 13. Qg4 Ng6 14. Nf3 Be6
15. Qg3 Rb8 16. b3 a6 17. h4 h5 18. Ng5 Qe7 19. Ne2 Qa3 20. Nd4 Qb2 21. Rd1 Bg4
22. f3 Rb4 23. c3 Rbb8 24. fxg4 Rbe8 25. gxh5 Nxe5 26. h6 Ng6 27. hxg7 Kxg7 28.
h5 Qa3 29. Nf5+ Kf6 30. hxg6 fxg6 31. e5+ Kxf5 32. Rf1# 1-0

[Event "OPEN D'AUBAGNE"]
[Site "SALLE LAKANAL AUBAGNE"]
[Date "2019.09.02"]
[Round "1.10"]
[White "Meyselle, Jean-Noel"]
[Black "Blanc, Michel"]
[Result "1-0"]
[WhiteElo "1199"]
[BlackElo "1506"]
[PlyCount "47"]
[EventDate "2019.??.??"]
[WhiteTeam "Cercle d'Echecs Aubagnais"]
[BlackTeam "Cercle d'Echecs Aubagnais"]

1. c4 c6 2. g3 d5 3. cxd5 cxd5 4. Bg2 e6 5. d3 Nf6 6. Nc3 a6 7. a4 Be7 8. Nf3
O-O 9. O-O Nbd7 10. e4 dxe4 11. dxe4 Nb6 12. e5 Nfd5 13. Qd3 Nxc3 14. Qxc3 Nd5
15. Qd4 Bd7 16. Qg4 f5 17. exf6 Bxf6 18. Bg5 Bxg5 19. Qxg5 Qxg5 20. Nxg5 Rf5
21. Nf3 Rc8 22. Rae1 b5 23. Nd4 Nb4 24. Nxf5 1-0

[Event "OPEN D'AUBAGNE"]
[Site "SALLE LAKANAL AUBAGNE"]
[Date "2019.09.02"]
[Round "1.11"]
[White "Gamblin, Vincent"]
[Black "Nasri, Alexandre"]
[Result "1-0"]
[WhiteElo "1488"]
[BlackElo "1199"]
[PlyCount "36"]
[EventDate "2019.??.??"]
[WhiteTeam "L'Echiquier du Roy René"]
[BlackTeam "Cercle d'Echecs Aubagnais"]

1. e4 e5 2. Nf3 Nc6 3. g3 Nf6 4. d3 d5 5. exd5 Nxd5 6. Bg2 Bg4 7. h3 Bxf3 8.
Bxf3 Bc5 9. O-O O-O 10. Nc3 Nxc3 11. bxc3 Qf6 12. Rb1 Bb6 13. Be4 Qe6 14. Kg2
f5 15. Bf3 f4 16. c4 Nd4 17. Bd5 Nb5 18. Bxe6+ Kh8 1-0

[Event "OPEN D'AUBAGNE"]
[Site "SALLE LAKANAL AUBAGNE"]
[Date "2019.09.02"]
[Round "1.12"]
[White "Tramarin, Lucas"]
[Black "Tramarin, Matteo"]
[Result "0-1"]
[WhiteElo "1196"]
[BlackElo "1466"]
[PlyCount "86"]
[EventDate "2019.??.??"]
[WhiteTeam "La Ciotat Echecs (LCE)"]
[BlackTeam "La Ciotat Echecs (LCE)"]

1. d4 Nf6 2. c4 e5 3. Nc3 exd4 4. Qxd4 Nc6 5. Qd2 Bb4 6. Nf3 Ne4 7. Qe3 Qe7 8.
g3 Nxc3 9. Qxe7+ Nxe7 10. a3 Nxe2+ 11. axb4 Nxc1 12. Rxc1 d6 13. Bg2 O-O 14.
O-O Nc6 15. b5 Nb4 16. Nd4 Nd3 17. Rb1 Rb8 18. b4 Ne5 19. c5 dxc5 20. bxc5 Rd8
21. Nb3 Bf5 22. Rbe1 Nc4 23. Rd1 Rxd1 24. Rxd1 Bc2 25. Rd4 Bxb3 26. Bf1 Ne5 27.
Re4 Ng6 28. Bd3 Kf8 29. Bc4 Bxc4 30. Rxc4 Rd8 31. Ra4 Rd1+ 32. Kg2 Rb1 33. b6
axb6 34. cxb6 Rxb6 35. Kf3 Ke7 36. Rd4 Rd6 37. Re4+ Kd7 38. Kg4 c5 39. f4 b5
40. f5 Ne7 41. Re5 Rd5 42. Rxd5+ Nxd5 43. Kg5 b4 0-1

[Event "OPEN D'AUBAGNE"]
[Site "SALLE LAKANAL AUBAGNE"]
[Date "2019.09.02"]
[Round "1.13"]
[White "Rivollier, Frederic"]
[Black "Turpin, Isabelle"]
[Result "1-0"]
[WhiteElo "1447"]
[BlackElo "1174"]
[PlyCount "43"]
[EventDate "2019.??.??"]
[WhiteTeam "Cercle d'Echecs Aubagnais"]
[BlackTeam "Cercle d'Echecs Aubagnais"]

1. e4 c5 2. Nf3 d6 3. d4 d5 4. exd5 Qxd5 5. c3 Qe6+ 6. Be3 Nf6 7. Bb5+ Bd7 8.
Qd3 g6 9. Bxd7+ Nbxd7 10. O-O c4 11. Qd2 h6 12. Re1 Qf5 13. Bf4 g5 14. Be5 g4
15. Nh4 Qh5 16. g3 Bg7 17. Qf4 Rg8 18. Nf5 e6 19. Nxg7+ Rxg7 20. Bxf6 Rg6 21.
Bh4 Qf5 22. Qxf5 1-0

[Event "OPEN D'AUBAGNE"]
[Site "SALLE LAKANAL AUBAGNE"]
[Date "2019.09.02"]
[Round "1.14"]
[White "Prasant, Krishnan"]
[Black "Hunault, Francis"]
[Result "1/2-1/2"]
[WhiteElo "1171"]
[BlackElo "1430"]
[PlyCount "127"]
[EventDate "2019.??.??"]
[WhiteTeam "Cassis Echecs"]
[BlackTeam "Cercle d'Echecs Aubagnais"]

1. d4 d5 2. c4 c6 3. Nf3 Nf6 4. g3 Bg4 5. Bg2 dxc4 6. Ne5 Be6 7. O-O Bf5 8. Nf3
h6 9. Nc3 Be6 10. e4 Bg4 11. Qd2 Bxf3 12. Bxf3 e6 13. a3 Be7 14. Bg2 Nbd7 15.
Qe2 O-O 16. Rd1 Nb6 17. Bf4 Qe8 18. Rac1 Rd8 19. Bc7 Rd7 20. Bxb6 axb6 21. Qxc4
Qd8 22. Ne2 e5 23. d5 Re8 24. Qb3 Bc5 25. dxc6 bxc6 26. Rxd7 Qxd7 27. Rd1 Qg4
28. Qf3 Qe6 29. Qc3 Ng4 30. Rf1 Rd8 31. h3 Nf6 32. Qc2 Bd4 33. Nxd4 Rxd4 34.
Rd1 c5 35. Rxd4 cxd4 36. Bf1 Ne8 37. Qc4 Qxc4 38. Bxc4 Nd6 39. Bd3 f6 40. Kf1
Kf7 41. Ke2 b5 42. b4 Ke7 43. Kd2 Kd7 44. Kc2 g6 45. Kb3 f5 46. f3 fxe4 47.
fxe4 g5 48. g4 Kc7 49. a4 bxa4+ 50. Kxa4 Kb6 51. b5 Ne8 52. Kb4 Nc7 53. Kc4
Nxb5 54. Kd5 Nc7+ 55. Kxe5 Kc5 56. Kf6 Kb4 57. Kg6 Kc3 58. Be2 d3 59. Bd1 Kd4
60. Kxh6 Ne6 61. Kh5 Kxe4 62. h4 gxh4 63. Kxh4 Nf4 64. g5 1/2-1/2

[Event "OPEN D'AUBAGNE"]
[Site "SALLE LAKANAL AUBAGNE"]
[Date "2019.09.02"]
[Round "1.15"]
[White "Cotton, Paul"]
[Black "Masson, Wally"]
[Result "1-0"]
[WhiteElo "1422"]
[BlackElo "1156"]
[PlyCount "85"]
[EventDate "2019.??.??"]
[WhiteTeam "Cercle d'Echecs Aubagnais"]
[BlackTeam "Cercle d'Echecs Aubagnais"]

1. Nf3 e6 2. c4 Bb4 3. a3 Ba5 4. b4 c5 5. bxa5 Qxa5 6. Bb2 Nf6 7. Nc3 a6 8. g3
O-O 9. Bg2 Nc6 10. O-O d6 11. d3 e5 12. Ng5 Bf5 13. Nge4 Qd8 14. Bc1 Rb8 15.
Bg5 Bxe4 16. Nxe4 Kh8 17. Rb1 Nd4 18. Rb2 b5 19. cxb5 axb5 20. Nc3 Ne6 21. Bd2
d5 22. Rxb5 d4 23. Rxb8 Qxb8 24. Ne4 Nd7 25. Qc2 f5 26. Ng5 Nxg5 27. Bxg5 Qa7
28. Rc1 f4 29. g4 h6 30. Be7 Re8 31. Bd6 Qb6 32. Bxc5 Nxc5 33. Rb1 Qa5 34. Bc6
Rf8 35. Rb5 Qxa3 36. Rxc5 Qa1+ 37. Qc1 Qa2 38. Bf3 g5 39. Rxe5 Qa7 40. Kg2 Kg7
41. Qb2 Kf6 42. Rf5+ Ke7 43. Qb4+ 1-0

[Event "OPEN D'AUBAGNE"]
[Site "SALLE LAKANAL AUBAGNE"]
[Date "2019.09.02"]
[Round "1.16"]
[White "Rescanieres, Alice"]
[Black "Desjardins, Rene"]
[Result "0-1"]
[WhiteElo "1149"]
[BlackElo "1416"]
[PlyCount "115"]
[EventDate "2019.??.??"]
[WhiteTeam "La Ciotat Echecs (LCE)"]
[BlackTeam "Cercle d'Echecs Aubagnais"]

1. Nf3 g6 2. d4 Bg7 3. c4 d6 4. Nc3 Nf6 5. e4 Bg4 6. Be2 Na6 7. a3 O-O 8. O-O
c5 9. e5 dxe5 10. dxe5 Qxd1 11. Rxd1 Ne8 12. Nd5 e6 13. Ne7+ Kh8 14. Bf4 f6 15.
Re1 Rf7 16. exf6 Bxf6 17. Ng5 Rxe7 18. Bxg4 e5 19. Bxe5 Bxe5 20. Rxe5 Rxe5 21.
Nf7+ Kg7 22. Nxe5 Nf6 23. Rd1 Re8 24. f4 h5 25. Bd7 Re7 26. Bb5 Nc7 27. Nd7
Nxb5 28. Nxf6 Kxf6 29. cxb5 Kf5 30. g3 c4 31. Rd5+ Kg4 32. Rg5+ Kf3 33. Re5 Rd7
34. Re1 Rd2 35. Rf1+ Ke3 36. Re1+ Kd3 37. Re7 Rxb2 38. Rxb7 c3 39. Rd7+ Ke3 40.
Re7+ Kf3 41. Re1 c2 42. Rf1+ Kg4 43. h3+ Kxh3 44. b6 axb6 45. Rc1 Rb1 46. Rxb1
cxb1=Q+ 47. Kf2 Qd3 48. a4 Qxg3+ 49. Ke2 Kg2 50. a5 Qf3+ 51. Kd2 bxa5 52. f5
gxf5 53. Kc2 a4 54. Kb2 Qb3+ 55. Kc1 a3 56. Kd2 f4 57. Kc1 Qb2+ 58. Kd1 0-1

[Event "OPEN D'AUBAGNE"]
[Site "SALLE LAKANAL AUBAGNE"]
[Date "2019.09.02"]
[Round "1.17"]
[White "Reynaud, Jacques"]
[Black "Leroux, Yves"]
[Result "0-1"]
[WhiteElo "1410"]
[BlackElo "1143"]
[PlyCount "62"]
[EventDate "2019.??.??"]
[WhiteTeam "Cercle d'Echecs Aubagnais"]
[BlackTeam "Echiquier Marseillais 1872"]

1. d4 d5 2. Bf4 c6 3. e3 Qb6 4. b3 Bf5 5. Bd3 Bxd3 6. Qxd3 e6 7. Ne2 c5 8. Nd2
Nd7 9. O-O cxd4 10. exd4 Ba3 11. c4 dxc4 12. Nxc4 Qa6 13. Qg3 Bf8 14. Rac1 Qxa2
15. Rfe1 Ngf6 16. Bd6 Ne4 17. Nc3 Nxg3 18. Nxa2 Nf5 19. Bxf8 Kxf8 20. Rcd1 Nf6
21. Nb4 Rd8 22. Nc2 g6 23. Ne5 h5 24. f3 Rc8 25. Rd2 Rc3 26. b4 Nd5 27. Kf2 Rb3
28. Nd7+ Kg7 29. Nc5 Rb2 30. Ree2 Nxb4 31. Nxb7 Nxc2 0-1

[Event "OPEN D'AUBAGNE"]
[Site "SALLE LAKANAL AUBAGNE"]
[Date "2019.09.02"]
[Round "1.18"]
[White "Belliardo, Julia"]
[Black "Delaplace, Mathias"]
[Result "0-1"]
[WhiteElo "1099"]
[BlackElo "1405"]
[PlyCount "56"]
[EventDate "2019.??.??"]
[WhiteTeam "La Ciotat Echecs (LCE)"]
[BlackTeam "Marseille-Echecs"]

1. e4 c5 2. Bc4 Nc6 3. Nf3 Nf6 4. O-O Nxe4 5. d3 Nf6 6. Bf4 d5 7. Bb3 e6 8. Nc3
Be7 9. Qe2 O-O 10. Qe3 d4 11. Qd2 dxc3 12. bxc3 Bd6 13. d4 Bxf4 14. Qxf4 cxd4
15. cxd4 Nd5 16. Qe4 f5 17. Qd3 Ncb4 18. Qd1 Qf6 19. Qe1 Qg6 20. c3 Nf4 21. g3
Nbd3 22. Qd2 Qg4 23. Qe3 b6 24. Kh1 Bb7 25. gxf4 Bxf3+ 26. Qxf3 Qxf3+ 27. Kg1
Nxf4 28. Bd1 Nh3# 0-1

[Event "OPEN D'AUBAGNE"]
[Site "SALLE LAKANAL AUBAGNE"]
[Date "2019.09.02"]
[Round "1.19"]
[White "Renamy, Corentin"]
[Black "Correges, Philippe"]
[Result "0-1"]
[WhiteElo "1099"]
[BlackElo "1401"]
[PlyCount "70"]
[EventDate "2019.??.??"]
[WhiteTeam "La Ciotat Echecs (LCE)"]
[BlackTeam "Cercle d'Echecs Aubagnais"]

1. e4 c6 2. Nf3 d5 3. exd5 cxd5 4. Bb5+ Bd7 5. Bxd7+ Nxd7 6. O-O Ngf6 7. d3 e6
8. Bg5 Bd6 9. Bxf6 Qxf6 10. Nc3 a6 11. Qd2 Bf4 12. Qe2 O-O 13. g3 Bd6 14. Qe3
Rac8 15. Nd2 d4 16. Qf3 Qxf3 17. Nxf3 dxc3 18. bxc3 Rxc3 19. Rfc1 Rfc8 20. Nd4
Be5 21. Ne2 Rxc2 22. Rxc2 Rxc2 23. Re1 Rxa2 24. f4 Ra1 25. Kf1 Rxe1+ 26. Kxe1
Bf6 27. Kd2 b5 28. Kc2 b4 29. Kb3 a5 30. Ka4 Bd8 31. Nd4 Kf8 32. Nb3 Ke7 33.
Nd4 Kd6 34. Nb5+ Kd5 35. h4 Nc5# 0-1

[Event "OPEN D'AUBAGNE"]
[Site "SALLE LAKANAL AUBAGNE"]
[Date "2019.09.02"]
[Round "1.20"]
[White "Cureau, Dominique"]
[Black "Rouviere, Lucas"]
[Result "1-0"]
[WhiteElo "1367"]
[BlackElo "1099"]
[PlyCount "60"]
[EventDate "2019.??.??"]
[WhiteTeam "Echiquier Marseillais 1872"]
[BlackTeam "La Ciotat Echecs (LCE)"]

1. c4 c5 2. Nf3 Nc6 3. Nc3 g6 4. b3 Bg7 5. Bb2 b6 6. Rb1 Bb7 7. g3 Nf6 8. Bg2
O-O 9. O-O e5 10. e4 d6 11. Re1 Qe7 12. Nd5 Qe6 13. Nc7 Qc8 14. Nxa8 Qxa8 15.
a3 Nd7 16. Qc2 f5 17. exf5 gxf5 18. Bh3 e4 19. Bxg7 Kxg7 20. Qc3+ Rf6 21. Bxf5
Nde5 22. Nxe5 Nxe5 23. Bh3 Nf3+ 24. Kf1 Nxe1 25. Rxe1 Qe8 26. Bg2 a5 27. d3 Kg6
28. dxe4 Bxe4 29. Qe3 Re6 30. h4 Kf5 1-0

[Event "OPEN D'AUBAGNE"]
[Site "SALLE LAKANAL AUBAGNE"]
[Date "2019.09.02"]
[Round "1.21"]
[White "Shelar, Manasvi"]
[Black "Bonavia, Mathis"]
[Result "0-1"]
[WhiteElo "1099"]
[BlackElo "1363"]
[PlyCount "42"]
[EventDate "2019.??.??"]
[WhiteTeam "L'Echiquier du Roy René"]
[BlackTeam "La Ciotat Echecs (LCE)"]

1. e4 c5 2. Nc3 Nc6 3. Nf3 Nf6 4. Bc4 e6 5. d3 d5 6. e5 Ng4 7. Bb5 Qc7 8. Bg5
Ngxe5 9. Nxe5 Qxe5+ 10. Ne2 Qxg5 11. O-O h5 12. g3 h4 13. c3 Bd6 14. Kg2 h3+
15. Kg1 f5 16. d4 c4 17. Kh1 f4 18. Qd2 Rf8 19. Rg1 Qg6 20. gxf4 Qe4+ 21. Rg2
Qxg2# 0-1

[Event "OPEN D'AUBAGNE"]
[Site "SALLE LAKANAL AUBAGNE"]
[Date "2019.09.02"]
[Round "1.22"]
[White "Roche, Alain"]
[Black "Innocenti, Georges"]
[Result "1-0"]
[WhiteElo "1352"]
[BlackElo "1094"]
[PlyCount "53"]
[EventDate "2019.??.??"]
[WhiteTeam "Echiquier Marseillais 1872"]
[BlackTeam "Cercle d'Echecs Aubagnais"]

1. e4 e5 2. Nf3 Nc6 3. Bc4 d6 4. c3 h6 5. d4 Be6 6. d5 Bd7 7. dxc6 Bxc6 8. Qb3
Qe7 9. O-O Bxe4 10. Bd5 Bxd5 11. Qxd5 c6 12. Qb3 b6 13. Be3 g6 14. Nbd2 Qe6 15.
c4 c5 16. Rae1 Ne7 17. Bf4 f6 18. Bg3 Nf5 19. Nh4 Nxh4 20. Bxh4 g5 21. Bg3
O-O-O 22. a4 d5 23. a5 Kb7 24. a6+ Ka8 25. Qb5 d4 26. f4 Bd6 27. Qc6+ 1-0

[Event "OPEN D'AUBAGNE"]
[Site "SALLE LAKANAL AUBAGNE"]
[Date "2019.09.02"]
[Round "1.23"]
[White "Lognos, Lina"]
[Black "Hassaine, Rachid"]
[Result "1/2-1/2"]
[WhiteElo "1042"]
[BlackElo "1349"]
[PlyCount "33"]
[EventDate "2019.??.??"]
[WhiteTeam "Cercle d'Echecs Aubagnais"]
[BlackTeam "Cercle d'Echecs Aubagnais"]

1. c4 e5 2. Nc3 Nc6 3. e4 f6 4. Qh5+ Ke7 5. Nd5+ Ke6 6. Qf5+ Kd6 7. c5+ Kxc5 8.
a4 b6 9. b3 Nge7 10. Ba3+ Nb4 11. Rc1+ Kd4 12. Bc4 Kc5 13. Bxb4+ Kd4 14. Bc3+
Kc5 15. Bb4+ Kd4 16. Bc3+ Kc5 17. Bb4+ 1/2-1/2

[Event "OPEN D'AUBAGNE"]
[Site "SALLE LAKANAL AUBAGNE"]
[Date "2019.09.02"]
[Round "1.24"]
[White "Lai, Bjorn"]
[Black "Tramarin, Esteban"]
[Result "1-0"]
[WhiteElo "1349"]
[BlackElo "1089"]
[PlyCount "65"]
[EventDate "2019.??.??"]
[WhiteTeam "Club Provence Echecs"]
[BlackTeam "La Ciotat Echecs (LCE)"]

1. e4 d5 2. exd5 Qxd5 3. Nc3 Qd6 4. d4 Nf6 5. Nf3 Bf5 6. Bc4 a6 7. a4 Ne4 8.
Nh4 Nxc3 9. bxc3 Qc6 10. Qf3 Qxf3 11. Nxf3 Bxc2 12. Bf4 Nd7 13. O-O Nb6 14. Ne5
Nxc4 15. Nxc4 Bd3 16. Rfb1 Bxb1 17. Rxb1 b5 18. axb5 axb5 19. Nd2 Ra7 20. Rxb5
Ra1+ 21. Nf1 Ra8 22. Bxc7 e6 23. Ba5 Be7 24. d5 O-O 25. dxe6 fxe6 26. Bb4 Rfb8
27. Rxb8+ Rxb8 28. Bxe7 Rb3 29. Bb4 Kf7 30. g3 Kf6 31. Kg2 Ke5 32. Nd2 Rxb4 33.
cxb4 1-0

[Event "OPEN D'AUBAGNE"]
[Site "SALLE LAKANAL AUBAGNE"]
[Date "2019.09.02"]
[Round "1.25"]
[White "Salvi, Angele"]
[Black "Pinet, Leo"]
[Result "0-1"]
[WhiteElo "1080"]
[BlackElo "1349"]
[PlyCount "69"]
[EventDate "2019.??.??"]
[WhiteTeam "La Ciotat Echecs (LCE)"]
[BlackTeam "Club Provence Echecs"]

1. e4 d6 2. Nf3 Nf6 3. Nc3 c6 4. h3 Nbd7 5. d4 e5 6. Be3 Be7 7. Be2 Qa5 8. O-O
O-O 9. Qd2 b5 10. a3 Bb7 11. Nh4 Nxe4 12. Nxe4 Qxd2 13. Nxd2 Bxh4 14. Bg4 f5
15. Nf3 fxg4 16. Nxh4 exd4 17. Bxd4 g5 18. Rae1 gxh4 19. Re7 Rf7 20. Re4 h5 21.
hxg4 c5 22. Re6 cxd4 23. Rg6+ Rg7 24. Rxd6 Rxg4 25. Rxd7 Rxg2+ 26. Kh1 Rxf2+
27. Kg1 Rg2+ 28. Kh1 Rg7+ 29. Kh2 Rxd7 30. Kh3 Kh7 31. Kxh4 Kg8 32. Kxh5 Bg2
33. Rf6 Rd5+ 34. Kh4 Bh3 35. Rf4 0-1

[Event "OPEN D'AUBAGNE"]
[Site "SALLE LAKANAL AUBAGNE"]
[Date "2019.09.02"]
[Round "1.26"]
[White "Vicari-Vento, Salvatore"]
[Black "Bartolini, Manuela"]
[Result "1-0"]
[WhiteElo "1343"]
[BlackElo "1063"]
[PlyCount "135"]
[EventDate "2019.??.??"]
[WhiteTeam "Cercle d'Echecs Aubagnais"]
[BlackTeam "Cercle d'Echecs Aubagnais"]

1. e4 c6 2. d4 d5 3. e5 e6 4. Nf3 Be7 5. Nc3 a6 6. a3 c5 7. dxc5 Bxc5 8. b4 Be7
9. Be3 Nc6 10. Nb1 b6 11. Be2 Qc7 12. Bf4 Bb7 13. O-O Rd8 14. b5 axb5 15. Bxb5
Kf8 16. Bxc6 Qxc6 17. Nd4 Qd7 18. Re1 Ba6 19. c3 Bc5 20. Nd2 Rb8 21. N2b3 Bxd4
22. Nxd4 Ne7 23. Qf3 Ng6 24. Bg3 Bb7 25. Rab1 Bc6 26. h4 h5 27. Kh2 Ne7 28. Rb2
Nf5 29. Nxf5 d4 30. Rxb6 Rxb6 31. Qd3 Qd5 32. f3 Bb5 33. Qc2 d3 34. Ne3 Qc5 35.
Qd2 g6 36. a4 Ba6 37. f4 Rb3 38. Nd1 Kg7 39. Bf2 Qd5 40. Ne3 Qd7 41. a5 Rc8 42.
Rc1 Rc6 43. Nd1 Bc4 44. Bd4 Qd8 45. g3 Qxa5 46. Nb2 Ba6 47. Nd1 Qa3 48. Kh3 Bc4
49. g4 Qa8 50. gxh5 Qh8 51. hxg6 fxg6 52. Ne3 Qh5 53. Ng4 Qf5 54. Kg3 Rc8 55.
Ne3 Qh5 56. Nxc4 Qe2 57. Qxe2 dxe2 58. Nd2 Rb2 59. Nf3 Rcb8 60. Kf2 Ra8 61. c4
Kh6 62. Bxb2 Ra2 63. Rc2 Ra4 64. Kxe2 Kh5 65. Nd4 Ra6 66. c5 Kxh4 67. c6 Ra8
68. Kf3 1-0

[Event "OPEN D'AUBAGNE"]
[Site "SALLE LAKANAL AUBAGNE"]
[Date "2019.09.02"]
[Round "1.27"]
[White "Deroual, Alexandre"]
[Black "Strate, Francois"]
[Result "0-1"]
[WhiteElo "1062"]
[BlackElo "1340"]
[PlyCount "78"]
[EventDate "2019.??.??"]
[WhiteTeam "La Ciotat Echecs (LCE)"]
[BlackTeam "Sanary Echecs"]

1. g3 d5 2. b3 e5 3. Bb2 Nc6 4. e3 Nf6 5. Ne2 Be7 6. Bg2 O-O 7. O-O Bf5 8. d4
e4 9. Nd2 Bg4 10. Rc1 Qd7 11. c4 Nb4 12. cxd5 Nd3 13. Rc2 Nxd5 14. Nxe4 Nxb2
15. Rxb2 Bh3 16. N4c3 Bxg2 17. Kxg2 Nxc3 18. Nxc3 Qc6+ 19. d5 Qxc3 20. Rc2 Qa5
21. Rc4 Rfd8 22. e4 c6 23. Ra4 Qb5 24. Rd4 cxd5 25. a4 Qc6 26. Rxd5 Rxd5 27.
Qxd5 Qxd5 28. exd5 Bd6 29. f4 Rc8 30. Re1 Kf8 31. Re4 Rc3 32. Rb4 Bxb4 33. d6
Bxd6 34. Kh3 Rxb3 35. f5 Ra3 36. a5 Rxa5 37. g4 Ra2 38. Kh4 Rxh2+ 39. Kg5 f6#
0-1

[Event "OPEN D'AUBAGNE"]
[Site "SALLE LAKANAL AUBAGNE"]
[Date "2019.09.02"]
[Round "1.28"]
[White "Marchis Mouren, Emma"]
[Black "Boudet, Nicole"]
[Result "1-0"]
[WhiteElo "1313"]
[BlackElo "1060"]
[PlyCount "41"]
[EventDate "2019.??.??"]
[WhiteTeam "Cassis Echecs"]
[BlackTeam "Cercle d'Echecs Aubagnais"]

1. d4 Nf6 2. c4 d5 3. Nf3 c5 4. dxc5 e6 5. Nc3 Bxc5 6. cxd5 h6 7. g3 Qb6 8. e3
Bd7 9. Bg2 Bd6 10. O-O Na6 11. e4 e5 12. a3 Nc5 13. Nd2 O-O-O 14. Nc4 Qb3 15.
Nxd6+ Kc7 16. Nxf7 Qxd1 17. Rxd1 Nb3 18. Rb1 g5 19. Nxh8 Rxh8 20. d6+ Kb8 21.
Nd5 1-0